01365 2200361 4500001002100000005001500021035002000036007000300056008004100059020002200100082001400122084001600136100004300152245026800195250003200463300003900495650002300534700005200557700004500609700004200654700003600696700003100732264003200763336002100795337003000816338002300846040002200869090002200891850001200913504003400925999002200959990002200981INLIS00000000089759720250702015726 a0010-0725000175ta250702s2025 yoia g ind d a978-634-01-0394-604223a711.4 a711.4 TJO s0 aTjokorda Istri PraganingrumePengarang10aSinergi dalam mewujudkan perencanaan wilayah dan pengelolaan lingkungan berkelanjutan /cTjokorda Istri Praganingrum, Ni Luh Made Ayu Mirayani Pradnyadari, Anak Agung Ratu Ritaka Wangsa, I Gusti Gde Surya Darmawan, Ida Bagus Suryatmaja; penyunting, Afifah Azhaar aCetakan pertama, Maret 2025 axii, 67 halaman :bgambar ;c23 cm 4aPerencanaan daerah1 aNi Luh Made Ayu Mirayani PradnyadariePengarang1 aAnak Agung Ratu Ritaka WangsaePengarang1 aI Gusti Gde Surya DarmawanePengarang1 aIda Bagus SuryatmajaePengarang0 aAfifah AzhaarePenyunting31aSleman :bDeepublish,c2025 2rdacontentateks 2rdamediaatanpa perantara 2rdacarrieravolume aYOPDYOGbinderda aCB-D.11 2025-1683 aYOPDYOG aBibliografi : halaman 163-167 aCB-D.11/2025-1683 aCB-D.11/2025-1683